América Latina en la época colonial
Saved in:
| Main Authors: | , , , , , , |
|---|---|
| Andre forfattere: | |
| Format: | Bog |
| Sprog: | spansk |
| Udgivet: |
Barcelona, España
Crítica
1990
|
| Fag: | |
| Online adgang: | Disponible Online - Cap. 9 pp.269-310 |
| Tags: |
Tilføj Tag
Ingen Tags, Vær først til at tagge denne postø!
|
MARC
| LEADER | 00000cam a2200000 a 4500 | ||
|---|---|---|---|
| 001 | UCH1903 | ||
| 003 | CL-VaPUC | ||
| 005 | 20240513095350.0 | ||
| 008 | 090520e19900000SP |||||||||||||||||spa|d | ||
| 999 | |c 333797 |d 333795 | ||
| 020 | |a 8484324095o.c | ||
| 020 | |a 8484324079v.1 | ||
| 040 | |c Pontificia Universidad Católica de Valparaíso | ||
| 082 | 0 | 4 | |a 980.013 LEO 1990 |2 21 |
| 100 | |a León-Portilla, Miguel |e author |9 603138 | ||
| 245 | 1 | 0 | |a América Latina en la época colonial |
| 260 | |a Barcelona, España |b Crítica |c 1990 | ||
| 300 | |a volúmenes | ||
| 500 | |a v.1: España y América de 1492 a 1808 | ||
| 583 | |a last modification |c 20150603 09:30:41 |k Rodrigo Vera | ||
| 650 | 0 | |a Historia de América |x DESCUBRIMIENTO Y CONQUISTA |9 266076 | |
| 650 | 0 | |a Conquista española |z AMERICA |9 267777 | |
| 651 | 0 | |a América |9 255182 | |
| 700 | 0 | |a Helms, Mary W |e author |9 536506 | |
| 700 | |a Murra, John V |e autor |9 447263 | ||
| 700 | |a Hidalgo Lehuedé, Jorge Alfredo |e author |9 590570 | ||
| 700 | 0 | |a Elliot, John H |e author |9 536509 | |
| 700 | 0 | |a Wachtel, Nathan |e author |9 536510 | |
| 700 | 0 | |a McLeod, Murdo J |e author |9 536511 | |
| 700 | 0 | |a Brading, David A |e author |9 536512 | |
| 856 | |u https://bibliografiadigital.pucv.cl/index.php/bibliotecapucv/catalog/book/395 |y Disponible Online - Cap. 9 pp.269-310 | ||
| 942 | |c BK |2 ddc | ||
| 945 | |d 20090520 00:00:00 |a rbrito | ||
| 952 | |0 0 |1 0 |2 ddc |4 0 |6 980_013000000000000_LEO_1990 |7 0 |8 R |9 422416 |a BIBHIS |b BIBHIS |d 2019-11-22 |h v.1 |i 4550978 |l 2 |o 980.013 LEO 1990 |p 4550978 |r 2024-01-30 |s 2023-05-23 |t 1 |w 2019-11-22 |y BK_R |k HIS | ||
| 952 | |0 0 |1 0 |2 ddc |3 erb |4 0 |6 980_013000000000000_LEO_1990 |7 0 |8 R |9 422417 |a BIBHIS |b BIBHIS |h v.1 |i 5162475 |o 980.013 LEO 1990 |p 5162475 |r 2024-01-30 |t 2 |w 2019-11-22 |y BK_R |z Catalogado en:20150605 |k HIS | ||
| 952 | |0 0 |1 0 |2 ddc |3 erb |4 0 |6 980_013000000000000_LEO_1990 |7 0 |8 R |9 422418 |a BIBHIS |b BIBHIS |h v.1 |i 5337895 |l 9 |o 980.013 LEO 1990 |p 5337895 |r 2024-01-30 |s 2022-06-20 |t 3 |w 2019-11-22 |y BK_R |z Catalogado en:20160811 |k HIS | ||
| 952 | |0 0 |1 0 |2 ddc |3 erb |4 0 |6 980_013000000000000_LEO_1990 |7 0 |8 R |9 422419 |a BIBHIS |b BIBHIS |h v.1 |i 5337887 |l 8 |o 980.013 LEO 1990 |p 5337887 |r 2024-06-03 |s 2024-05-30 |t 4 |w 2019-11-22 |y BK_R |z Catalogado en:20160811 |k HIS | ||
| 952 | |0 0 |1 0 |2 ddc |3 erb |4 0 |6 980_013000000000000_LEO_1990 |7 0 |8 R |9 422420 |a BIBHIS |b BIBHIS |h v.1 |i 5337879 |l 3 |o 980.013 LEO 1990 |p 5337879 |r 2024-06-06 |s 2024-06-04 |t 5 |w 2019-11-22 |y BK_R |z Catalogado en:20160811 |k HIS | ||